000 00314nam a2200109Ia 4500
008 171211s9999 xx 000 0 und d
245 _aDvorák and His World (The Bard Music Festival)
245 _cMichael Beckerman
260 _c1993
650 _xmusic
856 _uhttp://down.ebook777.com/060/9780691000978.pdf
999 _c348684
_d348684